Príprava materiálu na báze volfrámu technológiou práškovej metalurgie

Bibliographic Details
Main Author: Belko, Milan (Author)
Format: Article
Language:Slovak
PhysicalDescription:Obr. 2. Tb. 1., lit. 3 zázn. v angl., ruš.
Subjects:

MARC

LEADER 00000nab a2200000 a 4500
001 vtls000427325
003 SK-MaSNL
005 20260303001631.0
008 120925c1990 xo 0 slo
015 |a SNBRA19rr/mm-uuuuu 
035 |a CL0427453 
040 |a SNKBUCL  |b slo  |c SNKBUCL  |e AACR2 
041 0 |a slo 
044 |a xo  |c SK 
080 |a 621.762:669.27.018  |2 1981 
080 |a 669.27.018  |2 1981 
100 1 |a Belko, Milan  |4 aut  |9 8756 
245 1 0 |a Príprava materiálu na báze volfrámu technológiou práškovej metalurgie  |c Milan Belko 
300 |b Obr. 2. Tb. 1., lit. 3 zázn. v angl., ruš. 
650 0 7 |a zliatiny W vysokopevné  |2 snkbucl  |9 977217 
650 0 7 |a prášková metalurgia  |2 snkbucl  |9 86852 
655 7 |a články zo zborníkov  |2 snkbucl  |9 166140 
773 0 |t Nové progresívne materiály a technológie  |d Bratislava : Dom techniky ZSVTS, 1990  |g S. 31-32 
850 |a Slovenská národná knižnica v Martine  |a MTA001 
852 |a SNK  |b KIS3GCP 
958 |a RK 
992 |a RZB 
999 |c 1564421  |d 1566351